[Event "Barcelona Sant Marti op 2nd"]
[Site "Barcelona"]
[Date "2013.02.21"]
[Round "6"]
[White "Sanchez Ibern, Eric"]
[Black "Colom Andres, Xavier"]
[Result "1-0"]
[WhiteElo "2083"]
[BlackElo "1856"]
[PlyCount "119"]
[EventDate "2013.01.17"]
[EventType "swiss"]
[EventRounds "9"]
[EventCountry "ESP"]
[SourceTitle "EXT 2014"]
[Source "ChessBase"]
[SourceDate "2013.11.20"]
[SourceVersion "1"]
[SourceVersionDate "2013.11.20"]
[SourceQuality "1"]

1. Nf3 d5 2. g3 Nf6 3. Bg2 e6 4. d4 Nbd7 5. 0-0 Be7 6. b3 0-0 7. Bb2 Ne4 8. Nfd2 Ndf6 9. Nxe4 Nxe4 10. f3 Nd6 11. Nd2 Nf5 12. Qc1 c5 13. dxc5 Ne3 14. Re1 Bxc5 15. Kh1 Qc7 16. Nf1 Nxg2 17. Kxg2 Bd7 18. c4 dxc4 19. Qxc4 Rac8 20. Rac1 Qb6 21. Qg4 f6 22. Nd2 Rf7 23. Qe4 e5 24. Nc4 Qe6 25. g4 Bc6 26. Qf5 Qxf5 27. gxf5 b5 28. Na5 Bb4 29. Nxc6 Rxc6 30. Rxc6 Bxe1 31. Kf1 Bd2 32. Bc1 Bxc1 33. Rc8+ Rf8 34. Rxc1 g6 35. fxg6 hxg6 36. Rc5 Rb8 37. Rc7 a5 38. Ra7 g5 39. Kf2 b4 40. Ke3 Rb6 41. Ke4 Rd6 42. Kf5 Rd2 43. Kg6 Kf8 44. Kxf6 Kg8 45. Rxa5 Rxe2 46. Rxe5 Rxh2 47. Rxg5+ Kh7 48. Rg4 Rxa2 49. Rxb4 Rf2 50. f4 Rf3 51. f5 Rf1 52. Rb8 Rb1 53. b4 Rb2 54. b5 Rb1 55. b6 Rb2 56. Kf7 Rb1 57. f6 Rb2 58. Rb7 Kh8 59. Ke8 Re2+ 60. Re7 1-0

[Event "Catalunya-ch U20"]
[Site "Vila Seca"]
[Date "2010.04.03"]
[Round "5"]
[White "Sanchez Ibern, Eric"]
[Black "Coll Ortega, Jordi"]
[Result "0-1"]
[WhiteElo "2072"]
[BlackElo "2221"]
[PlyCount "106"]
[EventDate "2010.03.31"]
[EventType "swiss"]
[EventRounds "9"]
[EventCountry "ESP"]
[SourceTitle "CBM 135 Extra"]
[Source "ChessBase"]
[SourceDate "2010.05.04"]
[SourceVersion "1"]
[SourceVersionDate "2010.05.04"]
[SourceQuality "1"]

1. e4 c6 2. Nc3 d5 3. Nf3 Bg4 4. h3 Bh5 5. d3 e6 6. g4 Bg6 7. Ne5 d4 8. Nxg6 hxg6 9. Ne2 e5 10. Bg2 Be7 11. 0-0 g5 12. c3 c5 13. c4 Nc6 14. Bd2 Qd7 15. Rb1 Nb4 16. Bxb4 cxb4 17. a3 bxa3 18. bxa3 Bxa3 19. Qb3 Bc5 20. Qxb7 Qxb7 21. Rxb7 Bb6 22. Ra1 Rc8 23. Ng3 g6 24. Nf1 Nf6 25. Nd2 Nd7 26. Nb3 Ke7 27. c5 Bxc5 28. Nxc5 Rxc5 29. Raxa7 Rc1+ 30. Bf1 Rd8 31. Kg2 f6 32. Be2 Kd6 33. Ra6+ Ke7 34. Raa7 Re1 35. Bf3 Kd6 36. Ra6+ Ke7 37. Raa7 Rc1 38. Be2 Kd6 39. Ra6+ Rc6 40. Raa7 Nc5 41. Rf7 Rd7 42. Rxf6+ Ne6 43. Rxd7+ Kxd7 44. Rf7+ Kd6 45. Kf3 Nf4 46. Rf8 Rc2 47. Bf1 Rc1 48. Be2 Re1 49. Rf7 Nxe2 50. Rf6+ Ke7 51. Rxg6 Nf4 52. Rxg5 Ke6 53. h4 Rh1 0-1

[Event "Barcelona Edami op 8th"]
[Site "Barcelona"]
[Date "2010.03.23"]
[Round "8.5"]
[White "Sanchez Ibern, Eric"]
[Black "Sanchez Criado, Lluis"]
[Result "1/2-1/2"]
[WhiteElo "2085"]
[BlackElo "2167"]
[PlyCount "25"]
[EventDate "2010.02.02"]
[EventType "swiss"]
[EventRounds "8"]
[EventCountry "ESP"]
[SourceTitle "EXT 2024"]
[Source "ChessBase"]
[SourceDate "2023.10.10"]
[SourceVersion "1"]
[SourceVersionDate "2023.10.10"]
[SourceQuality "1"]

1. Nf3 Nf6 2. g3 g6 3. Bg2 Bg7 4. d4 0-0 5. 0-0 d5 6. c4 c6 7. cxd5 cxd5 8. Ne5 Nc6 9. Nc3 e6 10. Nxc6 bxc6 11. Qc2 Nd7 12. Rd1 Bb7 13. Bf4 1/2-1/2

[Event "Barcelona Edami op 8th"]
[Site "Barcelona"]
[Date "2010.03.16"]
[Round "7.6"]
[White "Vallbona Domingo, Joan"]
[Black "Sanchez Ibern, Eric"]
[Result "1/2-1/2"]
[WhiteElo "2009"]
[BlackElo "2085"]
[PlyCount "69"]
[EventDate "2010.02.02"]
[EventType "swiss"]
[EventRounds "8"]
[EventCountry "ESP"]
[SourceTitle "EXT 2024"]
[Source "ChessBase"]
[SourceDate "2023.10.10"]
[SourceVersion "1"]
[SourceVersionDate "2023.10.10"]
[SourceQuality "1"]

1. d4 Nf6 2. c4 g6 3. g3 Bg7 4. Bg2 d5 5. cxd5 Nxd5 6. Nf3 Nb6 7. 0-0 0-0 8. Nc3 Nc6 9. e3 Re8 10. Re1 h6 11. Qe2 e5 12. dxe5 Nxe5 13. Nxe5 Bxe5 14. f4 Bg7 15. e4 Be6 16. Rd1 Qe7 17. Be3 c6 18. Qf2 Qc7 19. Rac1 Rad8 20. Nd5 Qb8 21. Nxb6 Rxd1+ 22. Rxd1 axb6 23. Bxb6 Bxa2 24. Bh3 Bf6 25. e5 Bd8 26. Rd6 Bd5 27. Qd4 Bxb6 28. Qxb6 Qa8 29. Bg2 Qa1+ 30. Kf2 Bxg2 31. Kxg2 Qe1 32. h4 Qe2+ 33. Kh3 Qf1+ 34. Kh2 Qe2+ 35. Kh3 1/2-1/2

[Event "Barcelona Edami op 8th"]
[Site "Barcelona"]
[Date "2010.03.02"]
[Round "5.3"]
[White "Sanchez Ibern, Eric"]
[Black "Volkov, Nika"]
[Result "0-1"]
[WhiteElo "2085"]
[BlackElo "2060"]
[PlyCount "59"]
[EventDate "2010.02.02"]
[EventType "swiss"]
[EventRounds "8"]
[EventCountry "ESP"]
[SourceTitle "EXT 2024"]
[Source "ChessBase"]
[SourceDate "2023.10.10"]
[SourceVersion "1"]
[SourceVersionDate "2023.10.10"]
[SourceQuality "1"]

1. e4 c5 2. Nf3 d6 3. d4 cxd4 4. Qxd4 Nc6 5. Bb5 Qd7 6. Qd3 a6 7. Bxc6 bxc6 8. 0-0 e5 9. c4 Be7 10. Nc3 Qe6 11. b3 Nh6 12. Rd1 Bb7 13. Bg5 Rd8 14. Bxe7 Kxe7 15. c5 dxc5 16. Qe3 Rd4 17. Nxd4 cxd4 18. Qg5+ f6 19. Qxg7+ Nf7 20. Na4 Qc8 21. Nc5 Rg8 22. Qxh7 Qg4 23. g3 Bc8 24. Kg2 Rg7 25. f3 Qg5 26. Qxg7 Qxg7 27. Rac1 Qg5 28. Nd3 Nd8 29. f4 Qh5 30. Rd2 0-1

[Event "Barcelona Edami op 8th"]
[Site "Barcelona"]
[Date "2010.02.09"]
[Round "2.8"]
[White "Sanchez Ibern, Eric"]
[Black "Vargas Drechsler, Carlos"]
[Result "1-0"]
[WhiteElo "2085"]
[BlackElo "1953"]
[PlyCount "49"]
[EventDate "2010.02.02"]
[EventType "swiss"]
[EventRounds "8"]
[EventCountry "ESP"]
[SourceTitle "EXT 2024"]
[Source "ChessBase"]
[SourceDate "2023.10.10"]
[SourceVersion "1"]
[SourceVersionDate "2023.10.10"]
[SourceQuality "1"]

1. e4 e6 2. d4 d5 3. Nc3 Bb4 4. Qd3 dxe4 5. Qxe4 Nf6 6. Qh4 Bxc3+ 7. bxc3 c5 8. Nf3 Nc6 9. Bd3 Nd5 10. Qxd8+ Kxd8 11. c4 Ndb4 12. dxc5 Nxd3+ 13. cxd3 e5 14. 0-0 Bg4 15. Ng5 Ke7 16. Rb1 Rab8 17. Re1 Rhd8 18. Rb3 Bf5 19. Ne4 Bxe4 20. Rxe4 Rd4 21. Re1 Kf6 22. f4 Rd7 23. fxe5+ Nxe5 24. Bb2 Re8 25. d4 1-0

[Event "Barcelona Sants op 11th"]
[Site "Barcelona"]
[Date "2009.07.14"]
[Round "2"]
[White "Sanchez Ibern, Eric"]
[Black "Valarezo Ricard, Pedro"]
[Result "1-0"]
[WhiteElo "2107"]
[BlackElo "1945"]
[PlyCount "99"]
[EventDate "2009.07.13"]
[EventType "swiss"]
[EventRounds "9"]
[EventCountry "ESP"]
[SourceTitle "CBM 131 Extra"]
[Source "ChessBase"]
[SourceDate "2009.09.03"]
[SourceVersion "2"]
[SourceVersionDate "2009.09.16"]
[SourceQuality "1"]

1. e4 d5 2. exd5 Nf6 3. Bb5+ Nbd7 4. c4 a6 5. Bxd7+ Bxd7 6. Nf3 b5 7. d3 c6 8. dxc6 Bxc6 9. 0-0 Qc7 10. h3 Rd8 11. Qe2 e6 12. Nc3 bxc4 13. dxc4 Bxf3 14. Qxf3 Qxc4 15. b3 Qc7 16. Bb2 Be7 17. Rac1 Qc8 18. Nd5 Qd7 19. Nxf6+ Bxf6 20. Bxf6 gxf6 21. Qxf6 Qd4 22. Qxd4 Rxd4 23. Rc6 a5 24. Ra6 a4 25. Ra8+ Rd8 26. Rxa4 Ke7 27. Rc4 Rd2 28. a4 Rb2 29. b4 Ra2 30. a5 Rb8 31. Rd1 Rb5 32. Rdd4 Re5 33. Re4 Rf5 34. Rf4 Rxf4 35. Rxf4 e5 36. Rh4 Ra4 37. Kf1 Ke6 38. Ke2 f5 39. g4 f4 40. Rxh7 Rxb4 41. a6 e4 42. h4 Ra4 43. h5 Ra2+ 44. Ke1 Ra1+ 45. Kd2 Ra2+ 46. Kc3 Kd5 47. a7 Kc5 48. h6 Kd5 49. Rd7+ Ke6 50. h7 1-0

[Event "Barcelona Sant Marti op 10th"]
[Site "Barcelona"]
[Date "2008.09.05"]
[Round "5"]
[White "Garcia Marin, Guillem"]
[Black "Sanchez Ibern, Eric"]
[Result "0-1"]
[WhiteElo "2104"]
[BlackElo "2038"]
[PlyCount "84"]
[EventDate "2008.09.01"]
[EventType "swiss"]
[EventRounds "9"]
[EventCountry "ESP"]
[SourceTitle "EXT 2009"]
[Source "ChessBase"]
[SourceDate "2008.11.26"]
[SourceVersion "1"]
[SourceVersionDate "2008.11.26"]
[SourceQuality "1"]

1. d4 Nf6 2. Bg5 c5 3. d5 Ne4 4. Bf4 Qb6 5. Bc1 e6 6. f3 Nf6 7. e4 exd5 8. exd5 Be7 9. Na3 d6 10. Nc4 Qc7 11. a4 b6 12. Ne2 0-0 13. Nc3 a6 14. Be2 Nbd7 15. f4 Rb8 16. Ne3 Re8 17. 0-0 Bf8 18. Bc4 Ne4 19. Nxe4 Rxe4 20. Qd3 Nf6 21. c3 Qb7 22. Qc2 b5 23. axb5 axb5 24. Bd3 Re8 25. Rd1 c4 26. Bf1 Qb6 27. Qf2 Bb7 28. Rb1 Re4 29. b3 cxb3 30. Rxb3 b4 31. Bd3 Ree8 32. Rxb4 Qc5 33. Rb5 Qc7 34. Qh4 Ba8 35. Ng4 h6 36. Nxf6+ gxf6 37. Rxb8 Qxb8 38. Qxf6 Qb6+ 39. Kh1 Qf2 40. Bd2 Bxd5 41. Bf1 Re2 42. Qd4 Bxg2+ 0-1

[Event "Barcelona Sant Marti op 10th"]
[Site "Barcelona"]
[Date "2008.09.03"]
[Round "3"]
[White "Ridameya Tatche, Jose Miguel"]
[Black "Sanchez Ibern, Eric"]
[Result "1/2-1/2"]
[WhiteElo "2133"]
[BlackElo "2038"]
[PlyCount "41"]
[EventDate "2008.09.01"]
[EventType "swiss"]
[EventRounds "9"]
[EventCountry "ESP"]
[SourceTitle "EXT 2009"]
[Source "ChessBase"]
[SourceDate "2008.11.26"]
[SourceVersion "1"]
[SourceVersionDate "2008.11.26"]
[SourceQuality "1"]

1. d4 Nf6 2. Nf3 g6 3. g3 Bg7 4. Bg2 0-0 5. c4 d5 6. cxd5 Nxd5 7. 0-0 Nb6 8. b3 c5 9. Bb2 Nc6 10. e3 Bg4 11. h3 Bxf3 12. Bxf3 cxd4 13. Bxc6 bxc6 14. Bxd4 Bxd4 15. exd4 Qd7 16. Re1 Rfe8 17. Qf3 Qxd4 18. Nc3 Nd5 19. Na4 Nb6 20. Qxc6 Nxa4 21. Rad1 1/2-1/2

[Event "ESP-ch U18"]
[Site "Padron"]
[Date "2008.07.30"]
[Round "6"]
[White "Perez Castellano, Susana"]
[Black "Sanchez Ibern, Eric"]
[Result "1-0"]
[WhiteElo "1857"]
[BlackElo "2038"]
[PlyCount "129"]
[EventDate "2008.07.27"]
[EventType "swiss"]
[EventRounds "9"]
[EventCountry "ESP"]
[SourceTitle "CBM 125 Extra"]
[Source "ChessBase"]
[SourceDate "2008.09.01"]
[SourceVersion "1"]
[SourceVersionDate "2008.09.01"]
[SourceQuality "1"]

1. e4 c5 2. Nf3 d6 3. Bb5+ Nd7 4. 0-0 a6 5. Bd3 Ngf6 6. c3 g6 7. Bc2 Bg7 8. d4 cxd4 9. cxd4 0-0 10. Re1 e5 11. dxe5 Nxe5 12. Nxe5 dxe5 13. Qxd8 Rxd8 14. Nd2 Be6 15. Nf3 Nd7 16. Ng5 Bc4 17. b3 Bb5 18. a4 Bc6 19. b4 h6 20. Nf3 Bf8 21. Ba3 f6 22. Bb3+ Kg7 23. a5 Rac8 24. Bc4 f5 25. Bd3 Nf6 26. Nxe5 Nxe4 27. f3 Nf6 28. Bf1 Rd2 29. Rec1 Bd7 30. Nc4 Rd5 31. Nb6 Rxc1 32. Rxc1 Rd2 33. Rb1 Bc6 34. Bb2 Be7 35. Nc8 Bd8 36. Be5 Kf8 37. Rc1 Nd5 38. Bxa6 Ne3 39. Bd6+ Kf7 40. Bf1 Nxf1 41. Rxf1 Bd7 42. Bf4 Rd4 43. Nd6+ Ke6 44. Re1+ Kd5 45. Nxb7 Bh4 46. g3 Rxb4 47. a6 Bf6 48. Rd1+ Bd4+ 49. Be3 Bc6 50. Rd2 Ke5 51. Bxd4+ Rxd4 52. f4+ Kd5 53. Rxd4+ Kxd4 54. Nd6 Kc5 55. Nc8 Be4 56. Kf2 Kc6 57. Ke3 Kc7 58. Ne7 g5 59. Ng8 gxf4+ 60. Kxf4 Bd3 61. Nxh6 Bxa6 62. Kxf5 Kd8 63. Kf6 Ke8 64. g4 Kf8 65. g5 1-0

[Event "ESP-ch U18"]
[Site "Padron"]
[Date "2008.07.29"]
[Round "5"]
[White "Sanchez Ibern, Eric"]
[Black "Ladron de Guevara Pinto, Paolo"]
[Result "1-0"]
[WhiteElo "2038"]
[BlackElo "2141"]
[PlyCount "77"]
[EventDate "2008.07.27"]
[EventType "swiss"]
[EventRounds "9"]
[EventCountry "ESP"]
[SourceTitle "CBM 125 Extra"]
[Source "ChessBase"]
[SourceDate "2008.09.01"]
[SourceVersion "1"]
[SourceVersionDate "2008.09.01"]
[SourceQuality "1"]

1. e4 e6 2. d4 d5 3. Nc3 Bb4 4. e5 c5 5. Bd2 Bxc3 6. Bxc3 Nc6 7. f4 cxd4 8. Bxd4 Nge7 9. Nf3 Nf5 10. Bf2 h5 11. Bd3 b6 12. Qd2 Nce7 13. 0-0-0 Bd7 14. Kb1 b5 15. h3 h4 16. Qe1 Ng6 17. Bxf5 exf5 18. Be3 Be6 19. Nd4 Qd7 20. Qe2 a6 21. Bd2 Rc8 22. Qe3 Qc7 23. Bb4 Nf8 24. Rd3 Nd7 25. Rc3 Qb7 26. Rd1 Rxc3 27. Qxc3 Rh6 28. g4 g6 29. gxf5 gxf5 30. Qd3 Rg6 31. Nxf5 Bxf5 32. Qxf5 a5 33. Bd6 d4 34. Qh5 Nb6 35. Qh8+ Kd7 36. Qxh4 Nd5 37. f5 Rg2 38. Qxd4 Qc6 39. c3 1-0

[Event "Catalunya-ch U20"]
[Site "Catalunya"]
[Date "2008.03.22"]
[Round "5"]
[White "Sanchez Ibern, Eric"]
[Black "Lillo Castany, Victor"]
[Result "1-0"]
[WhiteElo "1994"]
[BlackElo "2109"]
[PlyCount "51"]
[EventDate "2008.03.19"]
[EventType "swiss"]
[EventRounds "9"]
[EventCountry "ESP"]
[SourceTitle "EXT 2010"]
[Source "ChessBase"]
[SourceDate "2010.11.25"]
[SourceVersion "1"]
[SourceVersionDate "2010.11.25"]
[SourceQuality "1"]

1. e4 e5 2. Nc3 Nf6 3. g3 c6 4. Bg2 d5 5. exd5 cxd5 6. d4 e4 7. Bg5 Be7 8. Nge2 0-0 9. 0-0 h6 10. Bxf6 Bxf6 11. Nf4 Be6 12. Nce2 Nc6 13. Nxe6 fxe6 14. c3 Qd6 15. f3 exf3 16. Bxf3 b5 17. Qd3 b4 18. Nf4 Bg5 19. Nh3 Bd8 20. Rae1 Bb6 21. Kg2 bxc3 22. bxc3 Rad8 23. Nf4 Rxf4 24. gxf4 Qxf4 25. Rxe6 Bc7 26. Re8+ 1-0

[Event "Catalunya-ch U20"]
[Site "Catalunya"]
[Date "2008.03.22"]
[Round "6"]
[White "Vila Gazquez, Xavier"]
[Black "Sanchez Ibern, Eric"]
[Result "1-0"]
[WhiteElo "2418"]
[BlackElo "1994"]
[PlyCount "57"]
[EventDate "2008.03.19"]
[EventType "swiss"]
[EventRounds "9"]
[EventCountry "ESP"]
[SourceTitle "EXT 2010"]
[Source "ChessBase"]
[SourceDate "2010.11.25"]
[SourceVersion "1"]
[SourceVersionDate "2010.11.25"]
[SourceQuality "1"]

1. e4 c5 2. Nf3 d6 3. d4 cxd4 4. Nxd4 Nf6 5. Nc3 Nc6 6. Bg5 e6 7. Qd2 Be7 8. 0-0-0 Nxd4 9. Qxd4 0-0 10. f4 h6 11. Bh4 Qa5 12. e5 dxe5 13. Qxe5 b5 14. Be1 Qb6 15. Qxb5 Qc7 16. Qc4 Qb7 17. Qb5 Qc7 18. Rd4 Rb8 19. Rc4 Qd6 20. Qc6 Bb7 21. Qxd6 Bxd6 22. Bf2 Nd5 23. Nxd5 Bxd5 24. Ra4 Rb7 25. Ba6 Rc7 26. Rg1 e5 27. Rd1 Bc6 28. Rc4 Be7 29. fxe5 1-0

[Event "Catalunya-chT Primera Gp1"]
[Site "Catalunya"]
[Date "2008.02.24"]
[Round "5"]
[White "Subirats Ruiz, Sergi"]
[Black "Sanchez Ibern, Eric"]
[Result "0-1"]
[WhiteElo "2056"]
[BlackElo "1994"]
[PlyCount "100"]
[EventDate "2008.01.27"]
[EventType "team-tourn"]
[EventRounds "9"]
[EventCountry "ESP"]
[SourceTitle "EXT 2019"]
[Source "ChessBase"]
[SourceDate "2018.10.10"]
[SourceVersion "1"]
[SourceVersionDate "2018.10.10"]
[SourceQuality "1"]

1. e4 c5 2. Nf3 d6 3. d4 cxd4 4. Nxd4 Nf6 5. Nc3 Nc6 6. f3 Nxd4 7. Qxd4 g6 8. Be3 Bg7 9. g4 0-0 10. Qd2 Be6 11. 0-0-0 Qa5 12. a3 Rfc8 13. Bd4 a6 14. h4 b5 15. h5 b4 16. Nd5 Bxd5 17. exd5 Rab8 18. hxg6 hxg6 19. Kb1 Qa4 20. axb4 Rxb4 21. c4 Rcb8 22. Bd3 Qa3 23. Rh2 Ra4 24. Rdh1 Qa2+ 25. Kc1 Qb3 26. Qc2 Ra1+ 27. Kd2 Rxh1 28. Rxh1 Ne4+ 29. Ke3 Bxd4+ 30. Kxd4 Nc5 31. Bxg6 e5+ 32. dxe6 Nxe6+ 33. Kd5 Nf4+ 34. Kd4 Nxg6 35. Qxb3 Rxb3 36. Ra1 Rb6 37. Ke4 Kf8 38. f4 Ke7 39. b3 Nf8 40. f5 Nd7 41. g5 Nc5+ 42. Kd5 Rxb3 43. Kc6 Re3 44. f6+ Ke6 45. Rd1 Ne4 46. Rd4 Kf5 47. Rd5+ Kg6 48. Ra5 Rd3 49. Rxa6 Kxg5 50. Kd7 Nc5+ 0-1

[Event "Llobregat op 1st"]
[Site "Llobregat"]
[Date "2008.01.05"]
[Round "9"]
[White "Sanchez Ibern, Eric"]
[Black "Ridameya Tatche, Jose Miguel"]
[Result "1/2-1/2"]
[WhiteElo "1984"]
[BlackElo "2140"]
[PlyCount "21"]
[EventDate "2007.12.26"]
[EventType "swiss"]
[EventRounds "9"]
[EventCountry "ESP"]
[SourceTitle "CBM 122 Extra"]
[Source "ChessBase"]
[SourceDate "2008.03.04"]
[SourceVersion "1"]
[SourceVersionDate "2008.03.04"]
[SourceQuality "1"]

1. e4 e5 2. Nc3 Bc5 3. g3 Nc6 4. Bg2 d6 5. Na4 Nf6 6. Ne2 Be6 7. c3 Qd7 8. 0-0 Bh3 9. d4 Bxg2 10. Kxg2 Bb6 11. Nxb6 1/2-1/2

[Event "ESP-ch U18"]
[Site "Linares"]
[Date "2007.08.02"]
[Round "7"]
[White "Sanchez Ibern, Eric"]
[Black "Torres Tellez, Jonathan"]
[Result "1-0"]
[WhiteElo "1976"]
[BlackElo "2084"]
[PlyCount "41"]
[EventDate "2007.07.29"]
[EventType "swiss"]
[EventRounds "9"]
[EventCountry "ESP"]
[SourceTitle "EXT 2008"]
[Source "ChessBase"]
[SourceDate "2007.11.25"]
[SourceVersion "1"]
[SourceVersionDate "2007.11.25"]
[SourceQuality "1"]

1. e4 e5 2. Nc3 Bc5 3. g3 Nc6 4. Bg2 d6 5. Na4 Bb6 6. Nxb6 axb6 7. Ne2 Nge7 8. d4 exd4 9. Nxd4 0-0 10. 0-0 Nxd4 11. Qxd4 Nc6 12. Qc3 Be6 13. h4 d5 14. exd5 Bxd5 15. Rd1 Ne7 16. Bxd5 Nxd5 17. Qb3 Re8 18. Rxd5 Re1+ 19. Kh2 Qf6 20. Kg2 Rae8 21. Bg5 1-0

[Event "ESP-ch U18"]
[Site "Linares"]
[Date "2007.07.31"]
[Round "5"]
[White "Sanchez Ibern, Eric"]
[Black "Martin Alvarez, Inigo"]
[Result "1/2-1/2"]
[WhiteElo "1976"]
[BlackElo "2154"]
[PlyCount "39"]
[EventDate "2007.07.29"]
[EventType "swiss"]
[EventRounds "9"]
[EventCountry "ESP"]
[SourceTitle "EXT 2008"]
[Source "ChessBase"]
[SourceDate "2007.11.25"]
[SourceVersion "1"]
[SourceVersionDate "2007.11.25"]
[SourceQuality "1"]

1. e4 c5 2. Nc3 e6 3. Nge2 d5 4. exd5 exd5 5. d4 Be6 6. g3 Nc6 7. Bg2 Nf6 8. 0-0 Qd7 9. dxc5 Bxc5 10. Nf4 0-0-0 11. a3 Bg4 12. Qd3 Ne5 13. Qb5 Qxb5 14. Nxb5 Rhe8 15. b4 Bb6 16. Bb2 a6 17. Bd4 Bxd4 18. Nxd4 g5 19. Nd3 Nc4 20. a4 1/2-1/2

[Event "Sitges op 33rd"]
[Site "Sitges"]
[Date "2007.07.18"]
[Round "1"]
[White "Sanchez Ibern, Eric"]
[Black "Grigore, George Gabriel"]
[Result "0-1"]
[WhiteElo "1976"]
[BlackElo "2534"]
[PlyCount "68"]
[EventDate "2007.07.18"]
[EventType "swiss"]
[EventRounds "9"]
[EventCountry "ESP"]
[SourceTitle "CBM 119 Extra"]
[Source "ChessBase"]
[SourceDate "2007.09.04"]
[SourceVersion "1"]
[SourceVersionDate "2007.09.04"]
[SourceQuality "1"]

1. e4 c5 2. Nc3 Nc6 3. Nge2 d6 4. g3 g6 5. d4 cxd4 6. Nxd4 Bg7 7. Nde2 Nf6 8. Bg2 0-0 9. 0-0 Rb8 10. a4 a6 11. Nd5 Nd7 12. c3 Re8 13. f4 e6 14. Ne3 Qc7 15. Nc4 d5 16. exd5 exd5 17. Bxd5 Nf6 18. Bg2 Bg4 19. Bf3 Rbd8 20. Qc2 Bh3 21. Re1 b5 22. axb5 axb5 23. Ne5 Nxe5 24. fxe5 Rxe5 25. Bf4 Qc5+ 26. Nd4 Rxd4 27. Bxe5 Rd2+ 28. Bd4 Qxd4+ 29. cxd4 Rxc2 30. Ra8+ Bf8 31. Re2 Rc1+ 32. Kf2 Kg7 33. Rb8 b4 34. d5 Bc5+ 0-1

[Event "Barcelona Sant Marti op 05th"]
[Site "Barcelona"]
[Date "2003.06.21"]
[Round "9.27"]
[White "Sanchez Ibern, Eric"]
[Black "Puig Monserrat, Jordi"]
[Result "0-1"]
[WhiteElo "1840"]
[BlackElo "1880"]
[PlyCount "108"]
[EventDate "2003.04.26"]
[EventType "swiss"]
[EventRounds "9"]
[EventCountry "ESP"]
[SourceTitle "EXT 2004"]
[Source "ChessBase"]
[SourceDate "2003.11.25"]
[SourceVersion "1"]
[SourceVersionDate "2003.11.25"]
[SourceQuality "1"]

1. e4 d5 2. exd5 Qxd5 3. Nc3 Qa5 4. Nf3 Nf6 5. d4 Bg4 6. Bd2 e6 7. h3 Qh5 8. Be2 Nc6 9. Rf1 Bxf3 10. Bxf3 Qg6 11. Bxc6+ bxc6 12. Qf3 Nd5 13. 0-0-0 Nb4 14. Ne4 Nxa2+ 15. Kb1 Nb4 16. Bxb4 Bxb4 17. g4 Rb8 18. Nc3 0-0 19. Qxc6 Rb6 20. Qxc7 Rfb8 21. Na4 Bd6 22. Qxa7 R6b7 23. Qa6 Ba3 24. Qd3 Qxd3 25. Rxd3 Bxb2 26. Nxb2 Rxb2+ 27. Ka1 Rxc2 28. f4 Ra8+ 29. Kb1 Rca2 30. Rff3 g6 31. f5 exf5 32. gxf5 g5 33. Rg3 Ra1+ 34. Kc2 R8a2+ 35. Kc3 f6 36. d5 h5 37. d6 Ra8 38. Kc4 R1a5 39. d7 Rd8 40. Rge3 Kf7 41. Rd6 Rxf5 42. Ree6 Rxd7 43. Rxf6+ Rxf6 44. Rxd7+ Ke6 45. Rh7 Rf4+ 46. Kc5 Rh4 47. Rh6+ Kf5 48. Kd5 Rxh3 49. Rh8 g4 50. Rf8+ Kg5 51. Ke5 Rf3 52. Rg8+ Kh4 53. Ke4 Rf7 54. Rh8 g3 0-1

[Event "Barcelona Sant Marti op 05th"]
[Site "Barcelona"]
[Date "2003.04.26"]
[Round "1.5"]
[White "Centeno Ortiz, Antonio"]
[Black "Sanchez Ibern, Eric"]
[Result "1/2-1/2"]
[WhiteElo "2150"]
[BlackElo "1840"]
[PlyCount "136"]
[EventDate "2003.04.26"]
[EventType "swiss"]
[EventRounds "9"]
[EventCountry "ESP"]
[SourceTitle "EXT 2004"]
[Source "ChessBase"]
[SourceDate "2003.11.25"]
[SourceVersion "1"]
[SourceVersionDate "2003.11.25"]
[SourceQuality "1"]

1. d4 d5 2. Nf3 Nf6 3. g3 Bf5 4. Bg2 e6 5. 0-0 c5 6. c3 Nc6 7. Nh4 Bxb1 8. Rxb1 Bd6 9. dxc5 Bxc5 10. b4 Bd6 11. Bb2 0-0 12. a3 Rc8 13. Qb3 Ne5 14. Rbd1 Nc4 15. Bc1 Qc7 16. Nf3 Ne4 17. Nd4 Nf6 18. a4 Be5 19. f3 a6 20. f4 Bxd4+ 21. cxd4 Qd6 22. f5 h6 23. Rf4 Rc7 24. Rh4 Qe7 25. Rf1 exf5 26. Rxf5 Nd6 27. Rf1 Qxe2 28. Bxh6 gxh6 29. Rxf6 Rc1+ 30. Bf1 Kg7 31. Rf2 Qe6 32. Qf3 Ne4 33. Re2 Qb6 34. Qe3 Rc4 35. Bg2 Qxd4 36. Rg4+ Kh7 37. Bxe4+ dxe4 38. Rxe4 Qxe3+ 39. R2xe3 Rxe4 40. Rxe4 b5 41. axb5 axb5 42. Re7 Kg6 43. Rb7 Re8 44. Rxb5 Kf6 45. Rc5 Re6 46. Kf2 Ke7 47. b5 Kf6 48. Kf3 Ke7 49. Kf4 Rf6+ 50. Kg4 Rg6+ 51. Kh5 Rf6 52. Rc6 Rf5+ 53. Kxh6 Rxb5 54. Rc7+ Kf6 55. h4 Rb4 56. Kh5 Kg7 57. g4 Rb5+ 58. g5 Rb8 59. Rc6 Rh8+ 60. Kg4 Rf8 61. Rf6 Rh8 62. h5 Rf8 63. Kf5 Re8 64. h6+ Kg8 65. Rd6 Re1 66. Rd8+ Kh7 67. Rd7 Rf1+ 68. Kg4 Rg1+ 1/2-1/2